| 000 | 00804nam a2200265Ia 4500 | ||
|---|---|---|---|
| 003 | OSt | ||
| 005 | 20220927105330.0 | ||
| 006 | a|||||r|||| 00| 0 | ||
| 007 | ta | ||
| 008 | 220926b |||||||| |||| 00| 0 eng d | ||
| 020 | _a9211250919 | ||
| 024 | _a188746 | ||
| 037 | _cReference Collections | ||
| 040 |
_aRTL _cRTL _beng |
||
| 041 |
_2eng _aeng |
||
| 082 | _a"Y48ObL:5.6, P4/UN" | ||
| 110 | _aUNITED NATIONS ECONOMIC COMMISSION FOR AFRICA. | ||
| 245 | 0 | _aScoring African leadership for health. | |
| 260 |
_aNew _bYork United Nations _c2004 |
||
| 300 |
_a"xvi, 138p" _ccm. |
||
| 490 | _a"UNAIDS, World Health Organization." | ||
| 700 | _aUNITED NATIONS ECONOMIC COMMISSION FOR AFRICA. | ||
| 942 |
_h"Y48ObL:5.6, P4/UN" _cCC |
||
| 999 |
_c691898 _d691898 |
||